Markets (Record no. 82293)
[ view plain ]
| 000 -LEADER | |
|---|---|
| fixed length control field | 01055cam a22002175a 4500 |
| 001 - CONTROL NUMBER | |
| control field | L149840 |
| 008 - FIXED-LENGTH DATA ELEMENTS--GENERAL INFORMATION | |
| fixed length control field | 100504e2010 xxk 000 0 eng d |
| 035 ## - SYSTEM CONTROL NUMBER | |
| System control number | (Sirsi) u149840 |
| 041 0# - LANGUAGE CODE | |
| Language code of text/sound track or separate title | eng |
| 100 1# - MAIN ENTRY--PERSONAL NAME | |
| Personal name | Sandher, Hardeep |
| 245 00 - TITLE STATEMENT | |
| Title | Markets |
| Remainder of title | north-east |
| 260 ## - PUBLICATION, DISTRIBUTION, ETC. | |
| Date of publication, distribution, etc. | 2010 |
| 490 #0 - SERIES STATEMENT | |
| Series statement | Property Week |
| Volume/sequential designation | 76(13) 01 April 2010, 41-48(4) |
| 520 ## - SUMMARY, ETC. | |
| Summary, etc. | The north-east region may become Britain's wind power base with US firm Clipper's plans to build a wind turbine at Blythe and developments in the UK offshore wind market at Dogger Bank. Newcastle's retail scene has been boosted by the completion of Eldon Square, Capital Shopping Centres 410 000 sq ft scheme. 2009 produced the best take-up in the Newcastle office market since 2006. Durham City Vision is seeking a development partner for a £20m transformation of the former ice rink into offices. |
| 590 ## - LOCAL NOTE (RLIN) | |
| Local note | KA |
| 651 #4 - SUBJECT ADDED ENTRY--GEOGRAPHIC NAME | |
| Geographic name | England |
| Chronological subdivision | 886- |
| 690 ## - LOCAL SUBJECT ADDED ENTRY--TOPICAL TERM (OCLC, RLIN) | |
| Topical term or geographic name as entry element | PROPERTY-COMMERCIAL PROPERTY-COMMERCIAL PROPERTY MARKET |
| 700 1# - ADDED ENTRY--PERSONAL NAME | |
| Personal name | McConnell, Michael |
| 700 1# - ADDED ENTRY--PERSONAL NAME | |
| Personal name | Shepherd, Mark |
| 942 ## - ADDED ENTRY ELEMENTS (KOHA) | |
| Suppress in OPAC | 0 |
| Withdrawn status | Lost status | Source of classification or shelving scheme | Damaged status | Not for loan | Home library | Current library | Shelving location | Date acquired | Total Checkouts | Full call number | Barcode | Date last seen | Copy number | Price effective from | Koha item type |
|---|---|---|---|---|---|---|---|---|---|---|---|---|---|---|---|
| Dewey Decimal Classification | London | London | Journal article | 04/05/2010 | L149840 | 149840-1001 | 06/08/2019 | 1 | 06/08/2019 | Journal article |